000 005200000a22001810004500
090 _aAR
_b01042
245 1 0 _aPrograma de manejo de la Baba (<Caiman crocodilus>) de Venezuela
650 1 4 _aUso de fauna
_920626
650 1 4 _aReptiles
_992767
650 1 4 _aConservación
_992401
651 4 _pVenezuela
_992749
653 _gCaiman
_eCaiman crocodilus
_vbaba
041 0 _aEspaƱol
700 1 _aSola, Roldan de
_994247
100 1 _aVelasco B., Alvaro
_994248
942 _cARTICULO
773 1 _tPreprint
_33
_q1-12
_d1997?
999 _c10130
_d10130